000 01693ngm a22003850a 4500
001 PT19330
003 AR-LpoUNG
005 20210202000301.0
007 vd cvaizq
008 191001s2004||||ag |||||||||||||||||spa d
037 _c$16.63
040 _aAR-LpoUNG
_bspa
_cAR-LpoUNG
_eaacr
041 _aspa
044 _aag
082 0 _a982.064 11per
100 1 _aJaime, Adrian
_edir.
245 1 4 _aLos perros
260 _aBuenos Aires :
_bCine Ojo Films & Video,
_c2004.
300 _aVHS (78 min.) : son., col.
505 0 _aGuión: Cecilia Merchan ; producción: Marcelo Céspedes, Carmen Guarini ; fotografía: Daniela Acacia.
520 _a<p>Los perros presenta la historia de &Aacute;ngel Belisario Guti&eacute;rrez, un taxista del Gran Buenos Aires que vivi&oacute; parte de su vida en un pueblo de hacheros perdido en el norte de Santiago del Estero. Fue llevado preso en represalia por la participaci&oacute;n de su hermano en los primeros grupos que resistieron con armas a la dictadura. Liberado por la amnist&iacute;a de 1973 tras dos a&ntilde;os de c&aacute;rcel en Devoto -la universidad de la subversi&oacute;n-, se traslad&oacute; a Tucum&aacute;n, comenz&oacute; a militar en el PRT-ERP y organiz&oacute; la guerrilla de monte junto a numerosos trabajadores de la zafra.</p>
650 4 _aARGENTINA
650 4 _aASPECTOS SOCIALES
650 4 _aCONFLICTOS POLITICOS
650 4 _aDICTADURA
650 4 _aGUERRILLEROS
650 4 _aHISTORIA
650 4 _aMOVIMIENTOS SOCIALES
651 4 _aArgentina
653 _aCINE ARGENTINO
653 _aVIDEOS
710 2 _aCine Ojo (firma comercial : Buenos Aires)
905 _a19330
942 _cVIDEO
999 _c54524
_d54524